| 000 | 00849nam a2200241 a 4500 | ||
|---|---|---|---|
| 999 |
_c11588 _d11588 |
||
| 001 | 11588 | ||
| 003 | BD-JhCC | ||
| 005 | 20200624124930.0 | ||
| 008 | 200428b2020 bg a|||| ||a| 001 0 ben d | ||
| 020 | _a9789849382200 | ||
| 035 | _a(BD-JhCC)11588 | ||
| 040 |
_aBD-JhCC _dBD-JhCC |
||
| 041 | _aben | ||
| 082 |
_a920 _bRAZ 2020 |
||
| 100 | _aরাজ্জাক, মানিক মোহাম্মদ | ||
| 245 |
_aবঙ্গবন্ধু এবং বিশ্বের রাজনৈতিক হত্যা / _cমানিক মোহাম্মদ রাজ্জাক । |
||
| 260 |
_aঢাকা: _bনালন্দা; _c২০২০. |
||
| 300 |
_a299 p. : _bill; _c22 cm. |
||
| 600 | _aরহমান, শেখ মুজিবুর | ||
| 650 |
_aLiberation War _zBangladesh |
||
| 942 |
_2ddc _cBK |
||